| 000 | 00692 a2200217 4500 | ||
|---|---|---|---|
| 010 | _aENG-85251 | ||
| 020 |
_a1403905614 _c495.00 |
||
| 035 | _aEN-68784 | ||
| 037 | _bD.B.Act / Pub | ||
| 082 | _a820.9 | ||
| 082 | _a880.9 | ||
| 090 |
_c1873 _d1873 |
||
| 100 | 1 | _aAlexander, Michael | |
| 245 | 1 |
_aA history of English literature / _cMichael Alexander |
|
| 260 |
_aNew York _bPalgrave Macmillan, _c2004(rpr) |
||
| 260 |
_aNew Delhi _bAne Books (Vendor) |
||
| 300 |
_axii, 387 p _bill. ; _c25 cm (Pbk) |
||
| 650 | 7 |
_aEnglish literature _xHistory and criticism |
|
| 942 |
_adpl _cEN _k880.9 / ALE |
||
| 999 |
_c1841 _d1841 |
||